| 000 | 00643nam a22002177a 4500 | ||
|---|---|---|---|
| 003 | OSt | ||
| 005 | 20240624161340.0 | ||
| 008 | 240624b |||||||| |||| 00| 0 eng d | ||
| 020 | _a0750304812 | ||
| 040 | _cmust | ||
| 082 | _a530 BEY 2003 | ||
| 100 |
_aBeyer,HF _917708 |
||
| 245 |
_aIntroduction to thye physics of highly charged Ions/ _cHF Beyer and VP Shevelko |
||
| 260 |
_aLondon: _bInstitute of physics publishing ; _cc2003. |
||
| 300 |
_axiv,361p.: _bill; _c23cm. |
||
| 440 |
_aSeries in Atomic and Molecular Physics _917709 |
||
| 504 | _aIncludes Index | ||
| 600 | _2physics | ||
| 700 |
_aShevelko,VP _917710 |
||
| 942 |
_2ddc _cO_SHELF |
||
| 999 |
_c8766 _d8766 |
||